El postimpresionismo (Record no. 126824)

MARC details
000 -LEADER
campo de control de longitud fija 00676nam a2200217 4500
001 - NÚMERO DE CONTROL
campo de control 126824
003 - IDENTIFICADOR DE NÚMERO DE CONTROL
campo de control ES-MaACL
005 - FECHA Y HORA DE LA ÚLTIMA TRANSACCIÓN
campo de control 20250808040855.0
007 - CAMPO FIJO DE DESCRIPCIÓN FÍSICA--INFORMACIÓN GENERAL
campo de control de longitud fija t|
008 - DATOS DE LONGITUD FIJA--INFORMACIÓN GENERAL
campo de control de longitud fija 070214s1982 sp r ||||1| spa d
100 1# - ENTRADA PRINCIPAL--NOMBRE DE PERSONA
Nombre de persona Rewald, John.
9 (RLIN) 96477
245 13 - MENCIÓN DEL TÍTULO
Título El postimpresionismo
Resto del título : de Van Gogh a Gaughin /
Mención de responsabilidad, etc. John Rewald ; versión de Ema Fondevila, Emilio Muñiz.
260 ## - PUBLICACIÓN, DISTRIBUCIÓN, ETC.
Lugar de publicación, distribución, etc. Madrid :
Nombre del editor, distribuidor, etc. Alianza,
Fecha de publicación, distribución, etc. 1982.
300 ## - DESCRIPCIÓN FÍSICA
Extensión 530 p. :
Otras características físicas il. ;
Dimensiones 23 cm.
490 1# - MENCIÓN DE SERIE
Mención de serie Alianza forma
700 1# - ENTRADA AGREGADA--NOMBRE PERSONAL
Nombre de persona Fondevila, Ema.
9 (RLIN) 51495
700 1# - ENTRADA AGREGADA--NOMBRE PERSONAL
Nombre de persona Muñiz Castro, Emilio-Germán.
9 (RLIN) 84271
830 00 - PUNTO DE ACCESO ADICIONAL DE SERIE-TÍTULO UNIFORME
Título uniforme Alianza forma
9 (RLIN) 177869
852 ## - LOCALIZACIÓN
Ubicación ES-MaACL
Número de control de estantería L-6743
Sublocalización o colección R.107799
Holdings
Estatus retirado Estado de pérdida Estado de daño No para préstamo Biblioteca de origen Biblioteca actual Ubicación en estantería Fecha de adquisición Fuente de adquisición Total de préstamos Signatura topográfica completa Código de barras Visto por última vez Precio de reemplazo Tipo de ítem Koha
        Biblioteca del Ateneo de Madrid Biblioteca del Ateneo de Madrid Depósito 2 17/01/2008     L-6743 1132096 23/02/2023 23/02/2023 Libro impreso